Origin (Record no. 576615)
[ view plain ]
| 000 -LEADER | |
|---|---|
| fixed length control field | 00244nam a22001217a 4500 |
| 020 ## - INTERNATIONAL STANDARD BOOK NUMBER | |
| International Standard Book Number | 9780593078754 |
| 082 ## - DEWEY DECIMAL CLASSIFICATION NUMBER | |
| Classification number | 813 BRO |
| 100 ## - MAIN ENTRY--PERSONAL NAME | |
| Personal name | Brown, Dan |
| 9 (RLIN) | 9885 |
| 245 ## - TITLE STATEMENT | |
| Title | Origin |
| 260 ## - PUBLICATION, DISTRIBUTION, ETC. | |
| Place of publication, distribution, etc. | LONDON |
| Name of publisher, distributor, etc. | BANTAM |
| Date of publication, distribution, etc. | 2017 |
| 300 ## - PHYSICAL DESCRIPTION | |
| Extent | 461P |
| 942 ## - ADDED ENTRY ELEMENTS (KOHA) | |
| Koha item type | Book |
| Withdrawn status | Lost status | Damaged status | Not for loan | Permanent Location | Current Location | Shelving location | Date acquired | Total Checkouts | Full call number | Barcode | Checked out | Date last seen | Date last checked out | Price effective from | Koha item type |
|---|---|---|---|---|---|---|---|---|---|---|---|---|---|---|---|
| College of Electrical & Mechanical Engineering (CEME) | College of Electrical & Mechanical Engineering (CEME) | General Stacks | 11/15/2017 | 1 | 813 BRO | CEME-49267 | 12/27/2025 | 11/27/2025 | 11/27/2025 | 06/28/2021 | Book |
